=LDR 00000nam 2200000 4500 =001 INLIS000000000037923 =005 20130612143628 =008 ***********************************Ind** =035 ##$$a0010-061300000037923 =041 ##$$a Ind =082 ##$$a 641.563 =090 ##$$a 641.563, Aiz m =100 ##$$a Cahyono, Bambang =245 ##$$a Menu-menu murah dan sehat ibu hamil, Kizem Aizid ; editor, Mutiau Sukma =260 ##$$a 2010 $b Jogyakarta =300 ##$$a 128 hlm, ilus, 20 cm =650 ##$$a Kehamilan-aspek Mutiah =850 ##$$a NBPNMAT =990 ##$$a 0001/BPAP-NTB/20142014